000 00731nam a2200181Ia 4500
008 090124s9999 xx 000 0 und d
082 _b24320
100 _a"परांजपे ग. प्र,"
245 _a महाराष्ट्र दर्शन 2 साहित्य-दर्शन 2
250 _a0
260 _bअतुल प्रकाशन
_c1986
300 _a52
600 _a"परांजपे ग. प्र,"
630 _a महाराष्ट्र दर्शन 2 साहित्य-दर्शन 2
700 _a"परांजपे ग. प्र,"
730 _a महाराष्ट्र दर्शन 2 साहित्य-दर्शन 2
942 _cBOOK
999 _c92842
_d92842